Normal view
MARC view
- Chatterjee, Sanchaita.
Entry Personal Name
001 - CONTROL NUMBER
- control field: 14016
003 - CONTROL NUMBER IDENTIFIER
- control field: NUST
005 - DATE AND TIME OF LATEST TRANSACTION
- control field: 20190328052336.0
008 - FIXED-LENGTH DATA ELEMENTS
- fixed length control field: 190328|| aca||aabn | a|a d
040 ## - CATALOGING SOURCE
- Original cataloging agency: NUST
- Transcribing agency: NUST
100 ## - HEADING--PERSONAL NAME
- Personal name: Chatterjee, Sanchaita.
670 ## - SOURCE DATA FOUND
- Source citation: Work cat.: (NUST)219604: Gangopadhyaya, Sunil. 14015, At heaven's gates :, 2004.
